| 000 | nam a22 4500 | ||
|---|---|---|---|
| 999 |
_c29412 _d29412 |
||
| 008 | 171205b xxu||||| |||| 00| 0 eng d | ||
| 020 | _a9789966257567 | ||
| 050 | _aPR 9381.9 .N45 2010 | ||
| 100 | _aNgugi Wa Thiong'o | ||
| 245 |
_aDreams in time of war : _ba childhood memoir / _cNgugi Wa Thiong'o |
||
| 260 |
_aNairobi : _bKenway Publications , _cc2010. |
||
| 300 |
_a158p. : _bill. ; _c23 cm. |
||
| 650 | _aKenya. | ||
| 650 | _aSocial conditions. | ||
| 650 | _aFamilies. | ||
| 942 |
_2lcc _cAFRICANA _hPR 9381.9 .N45 2010 _09 |
||